000 00263nam a2200109Ia 4500
008 190216s9999||||xx |||||||||||||| ||und||
100 _aGupta N S
245 0 _aOrganisation Theory And Behaviour
260 _bSulthan Chand&Sons
_c1988
300 _a47p
942 _cBK
999 _c5379
_d5379